000 00335 a2200109 4500
001 ART_42227
005 20260410161807.0
008 260409a
245 1 0 _aLavado de dinero y el mercado de capitales
100 1 _aCamerini, Marcelo A.
773 0 _tDoctrina Societaria y Concursal
_g- NÂș 290 (ene. 2012)
_wREV4298
999 _c21071
_d21071